| 000 | 01081nam0a22002531 4500 | ||
|---|---|---|---|
| 001 | rc\4465867 | ||
| 005 | 20260408063359.0 | ||
| 021 |
_aRU _bРг2273-66 |
||
| 035 | _a(NLR Aleph) 008327785 | ||
| 090 |
_a8797706 _c8797706 |
||
| 100 | _a20130416d1965 |||y0rusy50 ca | ||
| 101 | 0 | _arus | |
| 102 | _aRU | ||
| 105 | _aa b ||||| | ||
| 200 | 1 |
_aВыпрямительный агрегат ВАС-275-100 _e[Каталог] |
|
| 210 |
_aМосква _cБ. и. _d[1965] |
||
| 215 |
_a3 с. _cил. _d29 |
||
| 225 | 1 |
_aВНИИЭМ. Отделение научно-технической информации, стандартизации и нормализации в электротехнике _fСовнархоз Волго-Вят. экон. района. Саранский завод "Электровыпрямитель" _v05.03.20-65 |
|
| 712 | 0 | 2 |
_a"Электровыпрямитель", завод _cСаранск _9566666 _3RU\NLR\AUTH\8810034102 |
| 801 | 0 |
_aRU _bNLR _gpsbo |
|
| 801 | 1 |
_aRU _bELAR _2rusmarc |
|
| 852 |
_aNLR _jПт 20/1-05.03.20-65 |
||
| 942 | _cBOOK | ||
| 980 | _aNB | ||